[Event "KAZ-ch (Women)"]
[Site "Astana"]
[Date "2023.12.19"]
[Round "6"]
[White "Davletbayeva, Madina"]
[Black "Popandopulo, Kristina"]
[Result "1/2-1/2"]
[WhiteElo "2216"]
[BlackElo "1865"]
[PlyCount "167"]
[EventDate "2023.12.13"]
[EventType "tourn"]
[EventRounds "9"]
[EventCountry "KAZ"]
[SourceTitle "CB52_2023"]
[SourceDate "2023.12.27"]
[SourceVersion "1"]
[SourceVersionDate "2023.12.27"]
[SourceQuality "1"]

1. e4 e5 2. Nf3 Nc6 3. Bb5 a6 4. Ba4 Nf6 5. 0-0 d6 6. d3 Be7 7. c3 0-0 8. Re1 b5 9. Bc2 Re8 10. Nbd2 Bf8 11. Nf1 h6 12. Ng3 g6 13. a4 Rb8 14. axb5 axb5 15. h3 Bg7 16. d4 Rf8 17. Qe2 Bd7 18. dxe5 Nxe5 19. Nxe5 dxe5 20. Be3 Be6 21. Bd3 c6 22. Bc5 Re8 23. b4 Ra8 24. c4 bxc4 25. Bxc4 Bxc4 26. Qxc4 Qd7 27. Red1 Rxa1 28. Rxa1 Qe6 29. Qd3 Qd7 30. Qc2 h5 31. Ra7 Qe6 32. Nf1 Nd7 33. Be3 Bf8 34. Rc7 Bxb4 35. Rxc6 Qe7 36. Qc4 Kg7 37. Rc7 Bd6 38. Ra7 Bb8 39. Rb7 Qd6 40. Qb3 Re7 41. Nd2 Bc7 42. Qd5 Nf6 43. Qxd6 Bxd6 44. Rb6 Bc7 45. Rc6 Rd7 46. f3 Ne8 47. Kf2 Rd6 48. Rc2 Bb6 49. Nc4 Bxe3+ 50. Kxe3 Rc6 51. Kd3 f6 52. Ra2 Rc7 53. Ne3 Rd7+ 54. Nd5 Kf7 55. Ra8 Ng7 56. Ke3 Rb7 57. g4 hxg4 58. hxg4 Rb3+ 59. Kf2 Rb7 60. Kg3 g5 61. Rh8 Ra7 62. Rh6 Ra6 63. Rh8 Ra7 64. Rh6 Ra6 65. Ne3 Ra3 66. Nc4 Rd3 67. Nb6 Rd6 68. Nc4 Rd3 69. Nb6 Rd6 70. Nd5 Ra6 71. Rh8 Ra7 72. Ne3 Rc7 73. Rh7 Kg6 74. Rh8 Kf7 75. Nf5 Nxf5+ 76. exf5 Kg7 77. Rb8 Ra7 78. Kf2 Rd7 79. Ke3 Kf7 80. Rb3 Ke7 81. Ra3 Kf7 82. Rb3 Ke7 83. Ra3 Kf7 84. Rb3 1/2-1/2

[Event "Kazakhstan Cup (Women)"]
[Site "Almaty"]
[Date "2019.12.15"]
[Round "5"]
[White "Balabayeva, Kseniya"]
[Black "Davletbayeva, Madina"]
[Result "1/2-1/2"]
[WhiteElo "2119"]
[BlackElo "2238"]
[PlyCount "135"]
[EventDate "2019.12.12"]
[EventType "tourn"]
[EventRounds "9"]
[EventCountry "KAZ"]
[SourceTitle "CBM 193 Extra"]
[Source "ChessBase"]
[SourceDate "2020.01.31"]
[SourceVersion "1"]
[SourceVersionDate "2020.01.31"]
[SourceQuality "1"]

1. e4 e5 2. Nf3 Nc6 3. Nc3 Nf6 4. Bb5 Bd6 5. d3 h6 6. a3 a6 7. Bc4 Bc5 8. Be3 d6 9. h3 0-0 10. g4 Nh7 11. Rg1 Be6 12. Nd5 Nd4 13. c3 Nxf3+ 14. Qxf3 b5 15. Ba2 c6 16. Nb4 Bxa2 17. Nxa2 a5 18. Nc1 b4 19. Ne2 bxa3 20. bxa3 Rb8 21. Kf1 Rb3 22. Bxc5 dxc5 23. Kg2 Ng5 24. Qe3 Qf6 25. Ra2 Rd8 26. Rd1 a4 27. Rdd2 Ne6 28. Rab2 Rxa3 29. Rb6 Nf4+ 30. Nxf4 exf4 31. Qxc5 Rxc3 32. e5 Rxc5 33. exf6 g5 34. Ra6 Rc3 35. Rxa4 Rdxd3 36. Rb2 f3+ 37. Kh2 Kh7 38. Ra7 Kg6 39. Re7 Rd6 40. Rc7 Rxf6 41. Rb1 h5 42. Rc8 h4 43. Rg8+ Kh6 44. Rbb8 Rg6 45. Rgf8 Kg7 46. Rg8+ Kf6 47. Rge8 Rh6 48. Rbc8 Rg6 49. Kg1 Rh6 50. Kh2 Rh7 51. Re3 Rxe3 52. fxe3 Ke5 53. Rxc6 Ke4 54. Kg1 Kxe3 55. Rc3+ Ke2 56. Rc2+ Kd3 57. Rc7 Ke3 58. Re7+ Kd4 59. Kf2 Kd5 60. Kxf3 Kd6 61. Ra7 Ke6 62. Ke4 Rg7 63. Ra6+ Ke7 64. Kf5 Ke8 65. Ra8+ Ke7 66. Ra7+ Ke8 67. Ra8+ Ke7 68. Ra7+ 1/2-1/2

[Event "Tashkent zt 3.4 (Women)"]
[Site "Tashkent"]
[Date "2019.05.28"]
[Round "8"]
[White "Yakubbaeva, Nilufar"]
[Black "Davletbayeva, Madina"]
[Result "1-0"]
[WhiteElo "2134"]
[BlackElo "2286"]
[PlyCount "107"]
[EventDate "2019.05.22"]
[EventType "swiss"]
[EventRounds "9"]
[EventCountry "UZB"]
[SourceTitle "CBM 190 Extra"]
[Source "ChessBase"]
[SourceDate "2019.07.15"]
[SourceVersion "1"]
[SourceVersionDate "2019.07.15"]
[SourceQuality "1"]

1. d4 Nf6 2. c4 e6 3. Nf3 Bb4+ 4. Bd2 Qe7 5. g3 Bxd2+ 6. Qxd2 Nc6 7. Bg2 Ne4 8. Qc2 Qb4+ 9. Nc3 f5 10. Qb3 b6 11. d5 Qxb3 12. axb3 Nb4 13. 0-0 Bb7 14. Nb5 0-0-0 15. Rxa7 c6 16. Nbd4 Kb8 17. Ra4 c5 18. Ne5 Nd6 19. dxe6 dxe6 20. Bxb7 Kxb7 21. Rfa1 Nc8 22. Nb5 Rd2 23. Ra7+ Nxa7 24. Rxa7+ Kb8 25. Nd7+ Rxd7 26. Rxd7 g6 27. Rd6 Kb7 28. Rxe6 Rd8 29. Re7+ Kb8 30. Rxh7 Rd2 31. Rg7 Rxe2 32. Rxg6 Nd3 33. Rxb6+ Ka8 34. Nc3 Rxb2 35. h4 Nxf2 36. h5 Nh3+ 37. Kf1 Ng5 38. h6 Rh2 39. Rg6 Nf3 40. Rg8+ Kb7 41. Rg7+ Kc6 42. h7 Kd6 43. Nd5 Ke6 44. Rg6+ Kf7 45. Rb6 Ng5 46. Nf6 Nxh7 47. Nxh7 Rxh7 48. Rb7+ Kg6 49. Rxh7 Kxh7 50. Ke2 Kg6 51. Kd3 Kg5 52. b4 cxb4 53. c5 b3 54. c6 1-0

[Event "KAZ-ch (Women)"]
[Site "Almaty"]
[Date "2019.04.26"]
[Round "6"]
[White "Nasybullina, Alfia"]
[Black "Davletbayeva, Madina"]
[Result "1/2-1/2"]
[WhiteElo "2065"]
[BlackElo "2286"]
[PlyCount "95"]
[EventDate "2019.04.21"]
[EventType "tourn"]
[EventRounds "9"]
[EventCountry "KAZ"]
[SourceTitle "CBM 190 Extra"]
[Source "ChessBase"]
[SourceDate "2019.07.15"]
[SourceVersion "1"]
[SourceVersionDate "2019.07.15"]
[SourceQuality "1"]

1. d4 d5 2. Nf3 e6 3. Bf4 c5 4. e3 Nc6 5. Be2 Nf6 6. 0-0 Be7 7. c4 0-0 8. Nc3 b6 9. cxd5 exd5 10. Rc1 Bb7 11. Qa4 a6 12. dxc5 Bxc5 13. Rfd1 Re8 14. Bg5 Ne5 15. Qh4 Ng6 16. Bxf6 Qxf6 17. Qxf6 gxf6 18. a3 a5 19. Bb5 Red8 20. Nd4 Rac8 21. h3 Nf8 22. Nf5 Ne6 23. Ne2 Kf8 24. Rc2 Nc7 25. Bd3 Ne6 26. Rcd2 Bc6 27. Bc2 Rd7 28. Neg3 Rcd8 29. Nh5 Be7 30. Nd4 Nxd4 31. exd4 b5 32. Bxh7 b4 33. Rd3 Bd6 34. f4 Re7 35. Rg3 Re2 36. axb4 Bxb4 37. Rc1 Bb5 38. Rc7 Rd7 39. Rc8+ Ke7 40. Rgg8 Rb7 41. Ng3 Rxb2 42. Nf5+ Ke6 43. Rcd8 a4 44. Ng7+ Ke7 45. Nf5+ Ke6 46. Ng7+ Ke7 47. Kh2 a3 48. Nf5+ 1/2-1/2

[Event "KAZ-ch (Women)"]
[Site "Almaty"]
[Date "2019.04.23"]
[Round "3"]
[White "Kairbekova, Amina"]
[Black "Davletbayeva, Madina"]
[Result "1/2-1/2"]
[WhiteElo "1954"]
[BlackElo "2286"]
[PlyCount "65"]
[EventDate "2019.04.21"]
[EventType "tourn"]
[EventRounds "9"]
[EventCountry "KAZ"]
[SourceTitle "CBM 190 Extra"]
[Source "ChessBase"]
[SourceDate "2019.07.15"]
[SourceVersion "1"]
[SourceVersionDate "2019.07.15"]
[SourceQuality "1"]

1. e4 e5 2. Nf3 Nc6 3. d4 exd4 4. Bc4 Nf6 5. Ng5 d5 6. exd5 Qe7+ 7. Kf1 Ne5 8. Qxd4 Nxc4 9. Qxc4 Qc5 10. Qe2+ Be7 11. c4 b5 12. b3 0-0 13. Ba3 b4 14. Bb2 Bf5 15. Nd2 Rfe8 16. Nge4 Nxe4 17. Nxe4 Bxe4 18. Qxe4 Bf6 19. Qc2 Bxb2 20. Qxb2 c6 21. dxc6 Qxc6 22. h4 Rad8 23. Rh3 Qe4 24. Kg1 Qf4 25. c5 Rd2 26. Rf3 Qh6 27. Qc1 Rxa2 28. Re3 Rxe3 29. Rxa2 Rc3 30. Qxh6 gxh6 31. Rxa7 Rxb3 32. Rb7 Rc3 33. Rxb4 1/2-1/2

[Event "KAZ-ch (Women)"]
[Site "Almaty"]
[Date "2017.04.09"]
[Round "7"]
[White "Davletbayeva, Madina"]
[Black "Bauyrzhan, Arnash"]
[Result "1-0"]
[WhiteElo "2291"]
[BlackElo "2050"]
[PlyCount "79"]
[EventDate "2017.04.03"]
[EventType "tourn"]
[EventRounds "9"]
[EventCountry "KAZ"]
[SourceTitle "CBM 177 Extra"]
[Source "ChessBase"]
[SourceDate "2017.04.27"]
[SourceVersion "1"]
[SourceVersionDate "2017.04.27"]
[SourceQuality "1"]

1. e4 c5 2. Nf3 e6 3. d4 cxd4 4. Nxd4 a6 5. c4 Nf6 6. Nc3 Bb4 7. Qd3 d6 8. Nc2 Bxc3+ 9. bxc3 0-0 10. Ba3 Re8 11. Be2 d5 12. e5 Nfd7 13. f4 dxc4 14. Qxc4 Nc6 15. 0-0 Ne7 16. Bd3 Nf5 17. Bxf5 exf5 18. Rad1 Qh4 19. Ne3 Nf8 20. Qd3 Qh5 21. Bxf8 Rxf8 22. Rf3 h6 23. Nd5 Kh8 24. Nc7 Rb8 25. Qd6 Rg8 26. Rh3 Qg6 27. Qxg6 fxg6 28. e6 Bxe6 29. Nxe6 Rge8 30. Nc5 Re2 31. Rhd3 b6 32. Nxa6 Rb7 33. Nb4 Rc7 34. R1d2 Re1+ 35. Kf2 Rce7 36. Nc2 R1e4 37. g3 Ra7 38. Rd4 Re6 39. Nb4 Rae7 40. Rd7 1-0

[Event "KAZ-ch (Women)"]
[Site "Almaty"]
[Date "2017.04.05"]
[Round "3"]
[White "Davletbayeva, Madina"]
[Black "Ankudinova, Elena"]
[Result "1-0"]
[WhiteElo "2291"]
[BlackElo "2166"]
[PlyCount "109"]
[EventDate "2017.04.03"]
[EventType "tourn"]
[EventRounds "9"]
[EventCountry "KAZ"]
[SourceTitle "CBM 177 Extra"]
[Source "ChessBase"]
[SourceDate "2017.04.27"]
[SourceVersion "1"]
[SourceVersionDate "2017.04.27"]
[SourceQuality "1"]

1. e4 e6 2. d4 d5 3. Nd2 a6 4. Ngf3 c5 5. exd5 exd5 6. c3 Nf6 7. Be2 Nc6 8. dxc5 Bxc5 9. 0-0 0-0 10. Nb3 Bb6 11. Bg5 Re8 12. Bh4 h6 13. Nbd4 g5 14. Bg3 Ne4 15. Nxc6 bxc6 16. Nd4 c5 17. Nc2 Ra7 18. Ne3 f5 19. Bh5 Nxg3 20. Bxe8 Nxf1 21. Qxd5+ Kf8 22. Rxf1 f4 23. Rd1 Qxe8 24. Qd6+ Kg7 25. Qxb6 Re7 26. Nf1 Rb7 27. Qxc5 Rxb2 28. Rd6 Re2 29. h4 Re5 30. Qd4 Qb5 31. Qa7+ Kg8 32. Rg6+ Kf8 33. Rxh6 Be6 34. Rh8+ Bg8 35. Qd4 Kg7 36. Rh5 Kg6 37. Rxg5+ Rxg5 38. hxg5 Qxg5 39. a3 Bd5 40. f3 Kf7 41. Qa7+ Kg8 42. Qc5 Qd8 43. Qd4 Qg5 44. Nd2 Bf7 45. Ne4 Qa5 46. Qc5 Qxc5+ 47. Nxc5 Bc4 48. Nd7 Kg7 49. Ne5 Bb5 50. c4 Ba4 51. Nd3 Bb3 52. c5 Kf6 53. c6 Ke7 54. Nc5 Bc2 55. Nxa6 1-0

[Event "Pardubice Czech op-A 27th"]
[Site "Pardubice"]
[Date "2016.07.22"]
[Round "1"]
[White "Puranik, Abhimanyu Sameer"]
[Black "Davletbayeva, Madina"]
[Result "1-0"]
[WhiteElo "2475"]
[BlackElo "2235"]
[PlyCount "165"]
[EventDate "2016.07.22"]
[EventType "swiss"]
[EventRounds "9"]
[EventCountry "CZE"]
[SourceTitle "CBM 173 Extra"]
[Source "ChessBase"]
[SourceDate "2016.08.29"]
[SourceVersion "1"]
[SourceVersionDate "2016.08.29"]
[SourceQuality "1"]

1. e4 e5 2. Nf3 Nc6 3. Bb5 a6 4. Ba4 Nf6 5. d3 d6 6. c3 g6 7. 0-0 Bg7 8. Bg5 h6 9. Bh4 0-0 10. Re1 Bg4 11. h3 Bd7 12. Nbd2 Qe8 13. Nf1 Nh5 14. Ne3 Kh8 15. Nd5 Qc8 16. Nh2 Be6 17. Bb3 Qd7 18. a3 Nf4 19. d4 Bxd5 20. exd5 Ne7 21. dxe5 dxe5 22. Nf3 Qd6 23. Bg3 Rad8 24. Qd2 Nexd5 25. Rad1 Qb6 26. Qc2 Qc6 27. Rd2 Rd6 28. Red1 Rfd8 29. Qe4 Nxc3 30. Qxc6 Nce2+ 31. Kf1 bxc6 32. Bc4 Nxg3+ 33. fxg3 Nd5 34. Re1 a5 35. Rde2 f6 36. Ba2 Kh7 37. Bb1 Ne7 38. g4 Rd1 39. h4 Kg8 40. Kf2 Rxe1 41. Kxe1 Kf7 42. g5 hxg5 43. hxg5 Ke6 44. gxf6 Bxf6 45. Be4 Nd5 46. Rc2 Kd6 47. Nd2 Bh4+ 48. Ke2 Nf4+ 49. Kf3 Ne6 50. Kg4 Nd4 51. Rc1 Be7 52. Nc4+ Ke6 53. Nxa5 Rh8 54. g3 Rh5 55. Rc3 Rh2 56. Nxc6 Nxc6 57. Rxc6+ Bd6 58. b4 Ra2 59. Rc3 Kf6 60. Bd5 Rd2 61. Be4 Ra2 62. Rf3+ Kg7 63. Rb3 Kf6 64. Kf3 c5 65. Bd3 cxb4 66. axb4 Ra4 67. b5 Ra3 68. Rxa3 Bxa3 69. b6 Bd6 70. Ke4 Bb8 71. Bc4 Kg5 72. Be2 Kf6 73. Bf3 Kg5 74. b7 Kf6 75. g4 Ke6 76. g5 Ba7 77. Be2 Kd6 78. Bc4 Kc7 79. Bd5 Bd4 80. Bf7 Bc5 81. Kxe5 Be7 82. Bxg6 Bxg5 83. Be4 1-0

[Event "KAZ-ch (Women)"]
[Site "Almaty"]
[Date "2016.05.05"]
[Round "3"]
[White "Dauletova, Gulmira"]
[Black "Davletbayeva, Madina"]
[Result "1-0"]
[WhiteElo "2284"]
[BlackElo "2297"]
[PlyCount "121"]
[EventDate "2016.05.03"]
[EventType "tourn"]
[EventRounds "9"]
[EventCountry "KAZ"]
[SourceTitle "CBM 172 Extra"]
[Source "ChessBase"]
[SourceDate "2016.06.21"]
[SourceVersion "1"]
[SourceVersionDate "2016.06.21"]
[SourceQuality "1"]

1. e4 e5 2. Nf3 Nc6 3. Bb5 a6 4. Ba4 Nf6 5. d3 Bc5 6. c3 b5 7. Bb3 d6 8. 0-0 0-0 9. h3 h6 10. Re1 Bb6 11. Nbd2 Be6 12. Bc2 Re8 13. Nf1 d5 14. Qe2 dxe4 15. dxe4 Bc4 16. Qd1 Qe7 17. Nh4 Bxf1 18. Rxf1 Rad8 19. Qf3 Nh7 20. Nf5 Qf6 21. Qg3 Kh8 22. Ne3 Ne7 23. Ng4 Qg6 24. Qxe5 h5 25. Nh2 Nd5 26. Qf5 Qxf5 27. exf5 Nhf6 28. Nf3 Re2 29. Bd3 Re7 30. Rd1 c5 31. Kf1 Red7 32. Bc2 Bc7 33. Bg5 Bf4 34. Bxf4 Nxf4 35. Ne5 Rxd1+ 36. Rxd1 Rxd1+ 37. Bxd1 Kg8 38. Bf3 N4d5 39. c4 Nb6 40. b3 bxc4 41. Nxc4 Nxc4 42. bxc4 Kf8 43. Ke2 Ke7 44. Ke3 Kd6 45. Kf4 h4 46. g4 hxg3 47. fxg3 Nd7 48. g4 f6 49. h4 Nb6 50. Be2 Na4 51. a3 Nb6 52. g5 Nd7 53. g6 Ne5 54. h5 Ke7 55. Ke4 Nc6 56. Kd5 Nd4 57. Bd3 Nb3 58. Kc6 Kf8 59. Kb6 a5 60. Kb5 Nc1 61. Bc2 1-0

[Event "Asia Cup (Women)"]
[Site "Abu Dhabi"]
[Date "2016.04.02"]
[Round "6.3"]
[White "Davletbayeva, Madina"]
[Black "Padmini, Rout"]
[Result "1/2-1/2"]
[WhiteElo "2295"]
[BlackElo "2439"]
[PlyCount "150"]
[EventDate "2016.03.28"]
[EventType "team-swiss"]
[EventRounds "9"]
[EventCountry "UAE"]
[SourceTitle "CBM 171 Extra"]
[Source "ChessBase"]
[SourceDate "2016.04.26"]
[SourceVersion "1"]
[SourceVersionDate "2016.04.26"]
[SourceQuality "1"]
[WhiteTeam "Kazakhstan (W)"]
[BlackTeam "India (W)"]
[WhiteTeamCountry "KAZ"]
[BlackTeamCountry "IND"]

1. e4 c5 2. Nf3 e6 3. c4 Nc6 4. Be2 g5 5. 0-0 g4 6. Ne1 Nf6 7. Nc3 Rg8 8. Nc2 Bd6 9. d4 cxd4 10. Nxd4 Qc7 11. g3 Nxd4 12. Qxd4 Be5 13. Nb5 Qb8 14. Qd3 a6 15. Nc3 b6 16. Be3 Bb7 17. Bd4 Qd6 18. Rad1 Bxd4 19. Qxd4 Qxd4 20. Rxd4 Rg5 21. b4 Rb8 22. Rfd1 h5 23. Bd3 Ke7 24. Bc2 Bc6 25. a3 b5 26. c5 Rh8 27. a4 h4 28. axb5 axb5 29. Ra1 hxg3 30. fxg3 Re5 31. Ra7 Nh7 32. Bd1 f5 33. Ne2 Ng5 34. Nf4 Kf6 35. exf5 Re1+ 36. Kf2 Rh1 37. fxe6 R8xh2+ 38. Ke3 Re1+ 39. Be2 Nxe6 40. Rd6 Bf3 41. Ra2 Kf5 42. Rd5+ Bxd5 43. Nxd5 Ke5 44. Nb6 Nf8 45. Rd2 Rg2 46. Rd5+ Ke6 47. Rd6+ Kf7 48. Rd2 Kg7 49. Nc8 Rb1 50. Nd6 Rb3+ 51. Ke4 Rxb4+ 52. Kd5 Ne6 53. c6 Nc7+ 54. Kc5 Na6+ 55. Kb6 dxc6 56. Kxa6 Rb1 57. Ne4 Re1 58. Rd7+ Kf8 59. Nf6 Rf2 60. Nh7+ Ke8 61. Bxg4 Re7 62. Rd6 Ra2+ 63. Kb6 Rxh7 64. Rxc6 b4 65. Rc8+ Kf7 66. Rc7+ Kg6 67. Bf5+ Kxf5 68. Rxh7 b3 69. Kc5 Ke4 70. Kc4 b2 71. Re7+ Kf3 72. Rb7 Kxg3 73. Kc3 Kf4 74. Rxb2 Rxb2 75. Kxb2 Ke5 1/2-1/2

[Event "Asia Cup (Women)"]
[Site "Abu Dhabi"]
[Date "2016.03.28"]
[Round "1.3"]
[White "Davletbayeva, Madina"]
[Black "Lei, Tingjie"]
[Result "0-1"]
[WhiteElo "2295"]
[BlackElo "2495"]
[PlyCount "60"]
[EventDate "2016.03.28"]
[EventType "team-swiss"]
[EventRounds "9"]
[EventCountry "UAE"]
[SourceTitle "CBM 171 Extra"]
[Source "ChessBase"]
[SourceDate "2016.04.26"]
[SourceVersion "1"]
[SourceVersionDate "2016.04.26"]
[SourceQuality "1"]
[WhiteTeam "Kazakhstan (W)"]
[BlackTeam "China (W)"]
[WhiteTeamCountry "KAZ"]
[BlackTeamCountry "CHN"]

1. e4 c5 2. Nf3 e6 3. d4 cxd4 4. Nxd4 Nc6 5. Nc3 Qc7 6. g3 a6 7. Bg2 h5 8. 0-0 h4 9. Re1 hxg3 10. hxg3 Ne5 11. a4 Bc5 12. Bf4 d6 13. Nb3 Ba7 14. Be3 Bxe3 15. Rxe3 Nf6 16. Ne2 Qe7 17. Rc3 0-0 18. Qd2 Rd8 19. Rd1 Bd7 20. Rc7 d5 21. Na5 Nxe4 22. Bxe4 dxe4 23. Qf4 Nf3+ 24. Kh1 e5 25. Qxe4 Bh3 26. Rxd8+ Rxd8 27. Qxf3 Qxc7 28. b4 Qxc2 29. Kh2 Bf1 30. Nc3 Rd3 0-1

[Event "Pavlodar op"]
[Site "Pavlodar"]
[Date "2015.12.16"]
[Round "10"]
[White "Khusnutdinov, Rustam"]
[Black "Davletbayeva, Madina"]
[Result "1-0"]
[WhiteElo "2517"]
[BlackElo "2266"]
[PlyCount "44"]
[EventDate "2015.12.07"]
[EventType "swiss"]
[EventRounds "10"]
[EventCountry "KAZ"]
[SourceTitle "EXT 2017"]
[Source "ChessBase"]
[SourceDate "2016.10.25"]
[SourceVersion "1"]
[SourceVersionDate "2016.10.25"]
[SourceQuality "1"]

1. e4 e5 2. Bc4 Nf6 3. d3 c6 4. Nf3 d5 5. exd5 cxd5 6. Bb3 Bd6 7. 0-0 0-0 8. Bg5 e4 9. dxe4 dxe4 10. Nfd2 Bf5 11. Nc3 Re8 12. Re1 Nc6 13. Bxf6 Qxf6 14. Ndxe4 Bxe4 15. Nxe4 Bxh2+ 16. Kxh2 Qh4+ 17. Kg1 Rxe4 18. Bxf7+ Kh8 19. Rxe4 Qxe4 20. Bd5 Qe5 21. Bxc6 bxc6 22. c3 h6 1-0

[Event "Asian Continental-ch (Women) 14th"]
[Site "Al Ain"]
[Date "2015.08.12"]
[Round "3.5"]
[White "Davletbayeva, Madina"]
[Black "Lei, Tingjie"]
[Result "0-1"]
[WhiteElo "2161"]
[BlackElo "2370"]
[PlyCount "108"]
[EventDate "2015.08.12"]
[EventType "swiss (blitz)"]
[EventRounds "9"]
[EventCountry "UAE"]
[SourceTitle "EXT 2024"]
[Source "ChessBase"]
[SourceDate "2023.10.10"]
[SourceVersion "1"]
[SourceVersionDate "2023.10.10"]
[SourceQuality "1"]

1. e4 Nf6 2. e5 Nd5 3. c4 Nb6 4. c5 Nd5 5. Bc4 e6 6. d4 d6 7. cxd6 cxd6 8. Nf3 Nc6 9. 0-0 Be7 10. Qe2 0-0 11. Qe4 Bd7 12. Bd3 f5 13. exf6 Nxf6 14. Qe2 Nb4 15. Bc4 Nbd5 16. Nc3 Re8 17. Bg5 Kh8 18. Rfe1 Rc8 19. Nxd5 exd5 20. Bb3 Bg4 21. h3 Bh5 22. Bh4 Qd7 23. Qd3 Bg6 24. Qe2 h6 25. Bg3 Ne4 26. Bf4 Bf6 27. Qd1 Qf5 28. Bg3 Bh5 29. Bc2 Qd7 30. Bf4 Bg6 31. Bxe4 dxe4 32. Nd2 d5 33. Qe2 Bxd4 34. Nb3 Bb6 35. Rad1 Qf5 36. Be3 Bxe3 37. Qxe3 Qf6 38. Rxd5 Qxb2 39. Re2 Qb1+ 40. Kh2 a6 41. Qg3 Kh7 42. Rd6 Bf5 43. Rd5 Be6 44. Rd6 Bxb3 45. axb3 Rg8 46. Rd7 Rc1 47. Qe3 Rh1+ 48. Kg3 Kh8 49. Qxe4 Qxb3+ 50. f3 Rb1 51. Re7 Qb4 52. Qg6 Rd1 53. Re8 Qd6+ 54. Kf2 Qxg6 0-1

[Event "Asia rap (Women)"]
[Site "Al Ain"]
[Date "2015.08.11"]
[Round "5"]
[White "Shen, Yang"]
[Black "Davletbayeva, Madina"]
[Result "1-0"]
[WhiteElo "2443"]
[BlackElo "2243"]
[PlyCount "89"]
[EventDate "2015.08.11"]
[EventType "swiss (rapid)"]
[EventRounds "7"]
[EventCountry "UAE"]
[SourceTitle "CBM 167 Extra"]
[Source "ChessBase"]
[SourceDate "2015.09.14"]
[SourceVersion "1"]
[SourceVersionDate "2015.09.14"]
[SourceQuality "1"]

1. d4 Nf6 2. c4 e6 3. Nf3 Bb4+ 4. Bd2 Qe7 5. g3 Bxd2+ 6. Qxd2 Nc6 7. Nc3 d5 8. cxd5 exd5 9. Bg2 0-0 10. 0-0 Rd8 11. Rac1 a6 12. Na4 Na7 13. Qf4 Nb5 14. Rfe1 Be6 15. Nc5 c6 16. Qe3 h6 17. Bh3 Re8 18. Nxe6 fxe6 19. a4 Nd6 20. Ne5 Nfe4 21. Bg4 Qf6 22. f3 Ng5 23. h4 Ngf7 24. Bh5 Red8 25. Rc3 Qf5 26. Bg4 Qf6 27. Qf4 Qxf4 28. gxf4 Nf5 29. e3 Nxe5 30. fxe5 Kf7 31. h5 Ke7 32. Kf2 Rg8 33. Bxf5 exf5 34. Rg1 Kf7 35. Rg6 Rge8 36. Rb3 Rab8 37. Kg3 Re6 38. Rxe6 Kxe6 39. Kf4 b6 40. a5 b5 41. Rc3 Rc8 42. b4 Rc7 43. Rc1 Rc8 44. Rg1 Ra8 45. Rh1 1-0

[Event "Dushanbe zt 3.4 (Women)"]
[Site "Dushanbe"]
[Date "2015.06.12"]
[Round "9"]
[White "Dauletova, Gulmira"]
[Black "Davletbayeva, Madina"]
[Result "1/2-1/2"]
[WhiteElo "2261"]
[BlackElo "2227"]
[PlyCount "88"]
[EventDate "2015.06.04"]
[EventType "swiss"]
[EventRounds "9"]
[EventCountry "TJK"]
[SourceTitle "CBM 167 Extra"]
[Source "ChessBase"]
[SourceDate "2015.09.14"]
[SourceVersion "1"]
[SourceVersionDate "2015.09.14"]
[SourceQuality "1"]

1. e4 c6 2. d4 d5 3. Nc3 dxe4 4. Nxe4 Bf5 5. Ng3 Bg6 6. h4 h6 7. Nf3 e6 8. h5 Bh7 9. Bd3 Bxd3 10. Qxd3 Nf6 11. Be3 Bb4+ 12. c3 Be7 13. 0-0-0 Nbd7 14. Kb1 Qc7 15. Ne4 Nxe4 16. Qxe4 Nf6 17. Qc2 Qa5 18. Ne5 Bd6 19. f4 Nd5 20. Bd2 Qc7 21. f5 Bxe5 22. dxe5 0-0-0 23. fxe6 fxe6 24. Qe4 Ne7 25. Bf4 Rxd1+ 26. Rxd1 Rd8 27. Rd6 Nd5 28. c4 Nxf4 29. Qxf4 Qe7 30. Qd4 Rxd6 31. exd6 Qf6 32. Qxf6 gxf6 33. c5 b6 34. b4 b5 35. Kc2 Kd7 36. Kd3 Kd8 37. Ke4 Kd7 38. g3 Kd8 39. Kf4 Kd7 40. Kf3 Kd8 41. Ke4 Kd7 42. g4 Kd8 43. Kf4 Kd7 44. Ke4 Kd8 1/2-1/2